004120000a220010900045001000028000002450085000283000047001137730027001609420008001879520090001959990017002851 aBorthwick, Paul (1954-)10aThe confusion of american churches about mission : A response to Paul E. Pierson aVol. 22, Núm 4 (1998), Páginas 151-1530 tInternational Bulletin cANA 001040708HEMaFUSBCbFUSBCd2016-01-26l0o r2016-01-26 00:00:00w2016-01-26yANA c57313d57313